000 00482nam a22001577a 4500
020 _a0195142497
040 _cNust
082 _a629.83
_bSTE
100 _aStefani,. T Raymond
_9114030
110 _aShahian, Bahram, .Jr,. Savant. J Clement, Hostetter,. H Gene
_9124128
245 _aDesign of Feedback Control System
250 _a4th Edition
260 _aNew York:
_bOxford University Press,
_c2002.
650 _aDesign of Feedback Control System
_9124129
942 _2ddc
_cBK
999 _c610089
_d610089